| 000 | 00848nam a22002537a 4500 | ||
|---|---|---|---|
| 003 | UA-OsUOA | ||
| 001 | 22010 | ||
| 007 | ta | ||
| 008 | 20031216b un ||||| |||| 00| 0 ukr d | ||
| 100 | _aДемин Л.М. | ||
| 090 |
_a008 _bД30 |
||
| 942 | _cBK | ||
| 040 |
_aUA-OsUOA _brus _cUA-OsUOA _dUA-OsUOA |
||
| 245 |
_aВзаимодействие культур и проблема взаимных культурных влияний _bУчебное пособие _cРец. И.А.Сенченко, д-р ист. наук, проф. П.В.Тулаев, канд. ист. наукРед. Е.Г.Коренчук, канд. ист. наук |
||
| 300 | _a176 с. | ||
| 955 | _a0 | ||
| 041 | _arus | ||
| 080 | _a008 | ||
| 020 | _a5-209-00971-8 | ||
| 260 |
_aМосква _bРУДН _c1999 |
||
| 044 | _aRU | ||
| 650 | 7 | _2UDC | |
| 999 |
_c308221 _d308221 |
||